000 02320cam a22002174a 4500
005 20250605163956.0
008 250528s ||||||||||||||||||||||||d
035 _a15474
020 _a70389241
040 _aGR-AtMCL
_bgre
_dGR-AtMCL
_eAACR2
245 1 _aInformation Systems Concepts for Management / Second Edition
250 _a2nd
260 _bMcgraw Hill International Book Company,
_c1982
300 _a516
505 0 _aPreface, Acknowledgements, Managers and Information, The Information Systems Field, The Nature of Information and Decision Making, Frameworks for Information Systems, An Overview of Computer-Based Information Systems, Organizational Issues, The Impact of Information Systems on the Organization, Top Management and Information Systems, Computer Technology, Fundamentals of Computer Equipment, Computer Software, Computer Files and Data Structures and Data Bases, Future Trends, System Alternatives and Acquisition, Systems Analysis and Design, Introduction and Overview, Inception Through Specifications, Programming Through Installation, Project Management, Successful Implementation, Examples of Information Systems, General Information Systems, Decision Support Systems, Special Management Concerns, Information System Issues for Management, Societal Implications, Glossary, Index.
520 _aPreface, Acknowledgements, Managers and Information, The Information Systems Field, The Nature of Information and Decision Making, Frameworks for Information Systems, An Overview of Computer-Based Information Systems, Organizational Issues, The Impact of Information Systems on the Organization, Top Management and Information Systems, Computer Technology, Fundamentals of Computer Equipment, Computer Software, Computer Files and Data Structures and Data Bases, Future Trends, System Alternatives and Acquisition, Systems Analysis and Design, Introduction and Overview, Inception Through Specifications, Programming Through Installation, Project Management, Successful Implementation, Examples of Information Systems, General Information Systems, Decision Support Systems, Special Management Concerns, Information System Issues for Management, Societal Implications, Glossary, Index.
700 1 _aLucas C. Henry Jr
_91405
942 _cBK
999 _c1053
_d1053